• 首页
  • 本馆介绍
  • 公告通知
  • 最新文献
  • 馆藏检索
  • 电子资源
  • 读者导购
  • 参考咨询
  • 我的图书馆
  • 登录
  • 详细信息显示
  • 放入我的书架
  • 预约/预借图书
  • 作者相关作品
  • 分类相关作品
  • 丛书相关作品
  • 出版社相关作品

书目信息

  • 表格格式
  • 工作单格式
  • 卡片格式
题名:
图解脊疗消百病一学就会
    
 
作者: 赵鹏 , 郑书敏 主编
分册:  
出版信息: 南京   江苏凤凰科学技术出版社  2019.06
页数: 239页
开本: 23cm
丛书名: 含章新实用
单 册:
中图分类: R274.915-64
科图分类:
主题词: 脊柱病--ji zhu bing--按摩疗法 (中医)--图解
电子资源:
ISBN: 978-7-5713-0435-5
000 01215nam 2200289 450
001 CAL 0120192822898
005 20230217093113.0
010    @a978-7-5713-0435-5@dCNY49.80
100    @a20190805d2019 em y0chiy0120 ea
101 0  @achi
102    @aCN@b320000
105    @aa z 000yy
106    @ar
200 1  @a图解脊疗消百病一学就会@Atu jie ji liao xiao bai bing yi xue jiu hui@f赵鹏, 郑书敏主编
210    @a南京@c江苏凤凰科学技术出版社@d2019.06
215    @a239页@c图@d23cm
225 2  @a含章新实用@Ahan zhang xin shi yong
314    @a赵鹏, 国家体育总局科研所康复中心研究员。郑书敏, 国家举重队队医。
330    @a本书以图解的形式, 以脊疗为中心, 向读者详细介绍了脊疗基本知识、基本手法、自我诊法、常见病的治疗, 使读者一看就会, 阅读本书后自己就能在家中进行实践操作。此外, 本书还介绍了自我脊疗保健操、日常生活的脊疗保健, 帮助读者在日常生活中关注脊柱健康。
410  0 @12001 @a含章新实用
517 1  @a脊疗消百病一学就会@Aji liao xiao bai bing yi xue jiu hui
606 0  @a脊柱病@Aji zhu bing@x按摩疗法 (中医)@j图解
690    @aR274.915-64@v5
701  0 @a赵鹏@Azhao peng@4主编
701  0 @a郑书敏@Azheng shu min@4主编
801  0 @aCN@bBJXHZP@c20230228
905    @b1385843-6@dR274.915-64@e649@f4
    
    图解脊疗消百病一学就会/赵鹏, 郑书敏主编.-南京:江苏凤凰科学技术出版社,2019.06
    239页:图;23cm.-(含章新实用)
    
    
    ISBN 978-7-5713-0435-5:CNY49.80
    本书以图解的形式, 以脊疗为中心, 向读者详细介绍了脊疗基本知识、基本手法、自我诊法、常见病的治疗, 使读者一看就会, 阅读本书后自己就能在家中进行实践操作。此外, 本书还介绍了自我脊疗保健操、日常生活的脊疗保健, 帮助读者在日常生活中关注脊柱健康。
●
相关链接 在E读中查询图书 在五车中查询图书 在当当中查询图书 在豆瓣中查询图书


正题名:图解脊疗消百病一学就会     索取号:R274.915-64/649         预约/预借

序号 登录号 条形码 馆藏地/架位号 状态 备注
1 1385843   213858431   第二样本阅览室/ [索取号:R274.915-64/649] 在馆    
2 1385844   213858440   第三借阅区/ [索取号:R274.915-64/649] 在馆    
3 1385845   213858459   第三借阅区/ [索取号:R274.915-64/649] 在馆    
4 1385846   213858468   第三借阅区/ [索取号:R274.915-64/649] 在馆    
唐山师范学院图书馆 欢迎您!
大连网信软件有限公司© 版权所有